Checklist of library building design considerations / (Record no. 352627)

000 -LEADER
fixed length control field 01367 a2200241 4500
003 - CONTROL NUMBER IDENTIFIER
control field OSt
005 - DATE AND TIME OF LATEST TRANSACTION
control field 20180116192340.0
008 - FIXED-LENGTH DATA ELEMENTS--GENERAL INFORMATION
fixed length control field 120524t xxu||||| |||| 00| 0 eng d
010 ## - LIBRARY OF CONGRESS CONTROL NUMBER
LC control number 2008030265
020 ## - INTERNATIONAL STANDARD BOOK NUMBER
International Standard Book Number 9780838909782 (alk. paper)
040 ## - CATALOGING SOURCE
Transcribing agency 0
082 00 - DEWEY DECIMAL CLASSIFICATION NUMBER
Classification number 727.8
100 1# - MAIN ENTRY--PERSONAL NAME
Personal name Sannwald, William W.
9 (RLIN) 1986
245 10 - TITLE STATEMENT
Title Checklist of library building design considerations /
Statement of responsibility, etc. William W. Sannwald.
250 ## - EDITION STATEMENT
Edition statement 5th ed.
260 ## - PUBLICATION, DISTRIBUTION, ETC.
Place of publication, distribution, etc. Chicago :
Name of publisher, distributor, etc. American Library Association,
Date of publication, distribution, etc. 2009.
300 ## - PHYSICAL DESCRIPTION
Extent viii, 211 p. ;
Dimensions 28 cm.
505 0# - FORMATTED CONTENTS NOTE
Formatted contents note Building planning and architecture -- Library site selection -- Sustainable design -- General exterior considerations -- Interior organization of library buildings -- Compliance with ADA accessibility guidelines -- Telecommunications, electrical, and miscellaneous equipment -- Interior design and finishes -- Materials handling and storage : book stacks and shelving -- Building systems -- Safety and security -- Maintenance of library buildings and property -- Building occupancy and post-occupancy evaluation -- Groundbreaking and dedication ceremonies.
650 #0 - SUBJECT ADDED ENTRY--TOPICAL TERM
Topical term or geographic name entry element Library architecture
Geographic subdivision United States.
9 (RLIN) 1987
856 41 - ELECTRONIC LOCATION AND ACCESS
Materials specified Table of contents only
Uniform Resource Identifier <a href="http://www.loc.gov/catdir/toc/ecip0823/2008030265.html">http://www.loc.gov/catdir/toc/ecip0823/2008030265.html</a>
942 ## - ADDED ENTRY ELEMENTS (KOHA)
Institution code [OBSOLETE] SADA
Koha item type Book
Call number prefix 727.8 SAN 2009
Source of classification or shelving scheme
Holdings
Withdrawn status Lost status Source of classification or shelving scheme Damaged status Not for loan Permanent Location Current Location Date acquired Total Checkouts Total Renewals Full call number Barcode Date last seen Date last checked out Price effective from Koha item type
          School of Art Design and Architecture (SADA) School of Art Design and Architecture (SADA) 02/10/2011 6 3 727.8 SAN 2009 SADA0000596 01/07/2016 12/14/2015 08/05/2011 Book
© 2023 Central Library, National University of Sciences and Technology. All Rights Reserved.